|
|
|
|
| LEADER |
01591nam a2200421Ia 4500 |
| 001 |
EBC3050682 |
| 003 |
MiAaPQ |
| 005 |
20200520144314.0 |
| 006 |
m o d | |
| 007 |
cr cn||||||||| |
| 008 |
031107s2004 dcub sb 001 0 eng d |
| 020 |
|
|
|z 0821355430
|
| 035 |
|
|
|a (MiAaPQ)EBC3050682
|
| 035 |
|
|
|a (Au-PeEL)EBL3050682
|
| 035 |
|
|
|a (CaPaEBR)ebr10056583
|
| 035 |
|
|
|a (CaONFJC)MIL8484
|
| 035 |
|
|
|a (OCoLC)55535709
|
| 040 |
|
|
|a MiAaPQ
|c MiAaPQ
|d MiAaPQ
|
| 050 |
|
4 |
|a HC444
|b .E263 2004
|
| 082 |
0 |
4 |
|a 330.9597
|2 22
|
| 245 |
0 |
0 |
|a Economic growth, poverty, and household welfare in Vietnam
|h [electronic resource] /
|c edited by Paul Glewwe, Nisha Agrawal, David Dollar.
|
| 260 |
|
|
|a Washington, DC :
|b World Bank,
|c 2004.
|
| 300 |
|
|
|a xvi, 629 p. :
|b map.
|
| 490 |
1 |
|
|a World Bank regional and sectoral studies
|
| 504 |
|
|
|a Includes bibliographical references and index.
|
| 533 |
|
|
|a Electronic reproduction. Ann Arbor, MI : ProQuest, 2015. Available via World Wide Web. Access may be limited to ProQuest affiliated libraries.
|
| 650 |
|
0 |
|a Income distribution
|z Vietnam.
|
| 650 |
|
0 |
|a Poverty
|z Vietnam.
|
| 650 |
|
0 |
|a Households
|x Economic aspects
|z Vietnam.
|
| 651 |
|
0 |
|a Vietnam
|x Economic policy.
|
| 651 |
|
0 |
|a Vietnam
|x Economic conditions
|y 1975-
|
| 655 |
|
4 |
|a Electronic books.
|
| 700 |
1 |
|
|a Glewwe, Paul,
|d 1958-
|
| 700 |
1 |
|
|a Agrawal, Nisha.
|
| 700 |
1 |
|
|a Dollar, David.
|
| 710 |
2 |
|
|a ProQuest (Firm)
|
| 830 |
|
0 |
|a World Bank regional and sectoral studies.
|
| 856 |
4 |
0 |
|u https://ebookcentral.proquest.com/lib/matrademy/detail.action?docID=3050682
|z Click to View
|